000 01067aam a2200337 i 4500
999 _c169268
_d169268
001 vtls000838891
003 PNM
005 20180821060939.0
008 171003t20172017my e 000 1 may d
020 _a9789672118015
_qpaperback
_cRM30.00
039 9 _a201803271115
_bfadzli
_c201803091151
_dmasliza
040 _aPNM
_beng
_cPNM
_erda
049 _aklpmal
082 0 4 _a899.2333
_223
090 2 0 _bNAJ
_dG
_a899.2333
100 0 _aNajmi Fetih,
_eauthor.
245 1 0 _aKERNA SYURGA BUKAN PERCUMA 2 :
_b"KERNA MASA SILAM ITU KEKAL, SEBAB ITU AKU KEJAR MASA DEPAN YANG LEBIH BAIK.." /
_cNAJMI FETIH : Editor, Ahmad Shukery Azizan
264 1 _aShah Alam, Selangor :
_bSentap Press,
_c2017
264 4 _a©2018
300 _a330 pages ;
_c21 cm
336 _atext
_2rdacontent
337 _aunmediated
_2rdamedia
338 _avolume
_2rdacarrier
650 1 0 _aMalaysian fiction (Malay)
650 2 0 _aMalay fiction
700 0 _aAhmad Shukery Azizan,
_eeditor.
942 _2ddc
_cB
949 _61001363161
949 _61001363162
949 _61001363163